| 000 | 00791nam a22002417a 4500 | ||
|---|---|---|---|
| 999 |
_c178597 _d178597 |
||
| 005 | 20210407151258.0 | ||
| 008 | 210407b ||||| |||| 00| 0 eng d | ||
| 010 | _aB-162182 | ||
| 020 |
_a9788121926119 _c305.00 |
||
| 035 | _aB-162182 | ||
| 037 | _adpl | ||
| 082 |
_a535 _bSUB |
||
| 100 | _aSubrahmanyam, N. | ||
| 245 |
_aA textbook of optics for B.Sc. classes as per UGC model syllabus / _cby N. Subrahmanyam [and] Brij Lal ; revised by M.N. Avadhanulu |
||
| 250 | _aMulticolour illustrative ed | ||
| 260 |
_aNew Delhi _bS. Chand _c2014(repr.) |
||
| 270 |
_a7361, Ram Nagar _bNew Delhi _e110055 |
||
| 300 |
_axx,729p. : _c24cm(pbk) _bcol.ill. |
||
| 700 | _aBrij Lal | ||
| 700 | _aAvadhanulu, M.N. | ||
| 942 |
_2ddc _cEN _mSUB _h535 |
||